000 00577nmm a2200181Ia 4500
008 251105s9999||||xx |||||||||||||||||und||
020 _a9788417092863
041 _aspa
100 _aTolokonnikova, Nadya
245 0 _aEl libro Pussy Riot :
_b De la alegría subversiva a la acción directa
264 _a[Madrid, España] :
_bRoca Editorial,
_c[Fecha de publicación no identificada]
300 _a0 páginas
650 _aSociology
700 _aTolokonnikova, Nadya
700 1 _a Sanz, Rosa
856 _uhttps://public.digitaliapublishing.com/a/82087
942 _cCF
999 _c71959
_d71959